Derecho penal: manual básico, incluye parte general y especial.

Gespeichert in:
Bibliographische Detailangaben
1. Verfasser: Budinich Cortada, Edmundo (autor)
Format: Buch
Veröffentlicht: Santiago, Chile: Edmundo Budinich Ediciones, 2009.
Ausgabe:6a. ed
Schlagworte:
Tags: Tag hinzufügen
Keine Tags, Fügen Sie den ersten Tag hinzu!

MARC

LEADER 00000nam a2200000 a 4500
001 UCH5633
003 CL-VaPUC
005 20240123124047.0
008 221121t2009 ||||| |||| 00| 0 eng d
999 |c 336738  |d 336736 
020 |a 956-310-478-1 
040 |c Pontificia Universidad Católica de Valparaíso 
082 0 4 |a 345.83 BUD 2009  |2 21 
100 0 |a Budinich Cortada, Edmundo  |e autor  |9 541928 
245 1 0 |a Derecho penal: manual básico, incluye parte general y especial. 
250 |a 6a. ed 
260 |a Santiago, Chile:  |b Edmundo Budinich Ediciones,  |c 2009. 
300 |a 480 páginas. 
583 |a last modification  |c 20091015 00:00:00  |k Rodrigo Vera 
650 7 |a DERECHO PENAL CHILENO  |2 CL-VaPUC  |9 541929 
650 0 |a Delito  |9 336975 
650 0 |a Antijuridicidad  |9 368501 
650 7 |a CULPABILIDAD  |2 CL-VaPUC  |9 351694 
650 0 |a Teoría del delito  |9 258906 
650 7 |a DELITO CONTRA LAS PERSONAS  |2 CL-VaPUC  |9 432885 
650 0 |a Responsabilidad penal  |9 254899 
942 |c BK  |2 ddc 
945 |d 20091015 00:00:00  |a rbrito 
952 |0 0  |1 0  |4 0  |6 345_830000000000000_BUD_2009  |7 0  |8 A  |9 428652  |a BIBDER  |b BIBDER  |d 2019-11-22  |i 4609158  |l 3  |o 345.83 BUD 2009  |p 4609158  |r 2023-03-10  |s 2023-03-10  |w 2019-11-22  |y BK  |k DER